Top 10 marcatori serie A 2010's - Statistics

Statistiche generali
  • Questo quiz è stato fatto 998 volte
  • Il punteggio medio è 80 su 100
Statistiche sulle risposte
Hint Marcatore Squadra Gol % Corretto
4 Antonio Di Natale, Gonzalo Higuain, Rodrigo Palacio Udinese, Napoli, Inter 17
98%
7 Ciro Immobile, Andrea Belotti Lazio, Torino 15
97%
3 Edinson Cavani, Antonio Di Natale Napoli, Udinese 23
97%
4 Gonzalo Higuain, Mauro Icardi Juventus, Inter 24
97%
1 Mauro Icardi, Ciro Immobile Inter, Lazio 29
97%
1 Antonio Di Natale Udinese 28
96%
2 Antonio Di Natale Udinese 23
96%
6 Antonio Di natale Udinese 14
96%
1 Ciro Immobile Torino 22
96%
5 Ciro Immobile Lazio 23
96%
1 Ciro Immobile Lazio 36
96%
5 Edin Dzeko, Gonzalo Higuain Roma, Juventus 16
96%
1 Mauro Icardi, Luca Toni Inter, Verona 22
96%
8 Mirko Vucinic, Arturo Vidal, Mauro Icardi, Amauri, Josip Ilicic Juventus, Juventus, Sampdoria, Parma, Palermo 10
96%
9 Fabio Quagliarella, Diego Milito Juventus, Inter 9
95%
10 Fabio Quagliarella, Jeremie Boga, Ante Rebic, Manolo Gabbiadini, Paulo Dybala, Gianluca Lapadula, Arkadiusz Milik Sampdoria, Sassuolo, Milan, Sampdoria, Juventus, Lecce, Napoli 11
95%
3 Gonzalo Higuain Napoli 18
95%
1 Gonzalo Higuain Napoli 36
95%
7 Miroslav Klose, Iago Falque, Fabio Quagliarella, Paulo Dybala Lazio, Genoa, Torino, Palermo 13
95%
9 Gervinho, Stephan El Shaarawy, Gregoire Defrel, Mauro Icardi Parma, Roma, Sampdoria, Inter 11
94%
6 Rodrigo Palacio, Marco Sau, Marco Borriello, Francesco Totti, Mario Balotelli Inter, Cagliari, Genoa, Roma, Milan 12
94%
10 Fabrizio Miccoli, Alessio Cerci, Ishak Belfodil, Alejandro Gomez, Luca Toni, Antonio Cassano Palermo, Torino, Parma, Catania, Fiorentina, Inter 8
93%
4 Mauro Icardi Inter 16
93%
7 Nikola Kalinic, Lorenzo Insigne, Andrea Belotti Fiorentina, Napoli, Torino 12
93%
6 Edin Dzeko, Andrea Belotti Roma, Torino 16
92%
3 Fabio Quagliarella Sampdoria 19
92%
1 Fabio Quagliarella Sampdoria 26
92%
4 Cristiano Ronaldo Juventus 21
91%
2 Cristiano Ronaldo Juventus 31
91%
2 Edinson Cavani Napoli 26
91%
1 Edinson Cavani Napoli 29
91%
6 Leonardo Pavoletti, Dries Mertens, Francesco Caputo, Andrea Petagna Cagliari, Napoli, Empoli, SPAL 16
91%
8 Mirko Antenucci, Josip Ilicic, Luis Alberto, Leonardo Pavoletti, Ivan Perisic, Duvan Zapata SPAL, Atalanta, Lazio, Cagliari, Inter, Atalanta 11
91%
7 Francesco Totti Roma 15
90%
9 Jose Callejon, Patrick Cutrone, Andrea Belotti, Matteo Politano, Simone Verdi Napoli, Milan, Torino, Sassuolo, Bologna 10
90%
8 Marco Mancosu, Lautaro Martinez, Domenico Berardi Lecce, Inter, Sassuolo 14
90%
8 Alexandre Pato, Robinho, Zlatan Ibrahimovic Milan 14
89%
5 Domenico Berardi, Fernando Llorente, Giuseppe Rossi Sassuolo, Juventus, Fiorentina 16
89%
5 Duvan Zapata, Luis Muriel, Joao Pedro Atalanta, Atalanta, Cagliari 18
89%
10 Juan Cuadrado, Arturo Vidal, Dries Mertens Fiorentina, Juventus, Napoli 11
89%
2 Paulo Dybala Juventus 19
89%
2 Paulo Dybala Juventus 22
89%
2 Diego Milito Inter 24
88%
1 Zlatan Ibrahimovic Milan 28
88%
2 Dries Mertens Napoli 28
87%
4 Dries Mertens Napoli 18
87%
2 Duvan Zapata Atalanta 23
87%
1 Edin Dzeko Roma 29
87%
7 Hernanes, Adem Ljajic, Luis Muriel, Marek Hamsik, Rolando Bianchi, Cyril Thereau Lazio, Fiorentina, Udinese, Napoli, Torino, Chievo 11
87%
6 Lorenzo Insigne Napoli 18
87%
10 Lorenzo Insigne Napoli 10
87%
2 Luca Toni Verona 20
87%
3 Andrea Belotti Torino 26
86%
5 Manolo Gabbiadini, Domenico Berardi Sampdoria/Napoli, Sassuolo 15
86%
7 Marco Borriello, Alejandro Gomez, Keita Cagliari, Atalanta, Lazio 16
84%
6 Jose Callejon, Alberto Gilardino, Paulinho Napoli, Genoa, Livorno 15
83%
6 Massimo Maccarone, Eder, Josip Ilicic Empoli, Sampdoria/Inter, Fiorentina 13
83%
9 Mario Mandzukic, Alberto Gilardino, Miralem Pjanic, Antonio Candreva Juventus, Palermo, Roma, Lazio 10
82%
3 Romelu Lukaku Inter 23
82%
4 Erik Lamela, Miroslav Klose,Giampaolo Pazzini, German Denis Roma, Lazio, Milan, Atalanta 15
81%
10 Gregoire Defrel, Luca Rigoni, Mauricio Pinilla, Maxi lopez, Eder, Alberto Paloschi, Stefano Mauri Cesena, Palermo, Atalanta, Torino, Sampdoria, Chievo, Lazio 9
81%
9 Antonio Candreva, Antonio Cassano, Eder Lazio, Parma, Sampdoria 12
80%
8 Alessio Cerci, German Denis, Mattia Destro, Alberto Paloschi Torino, Atalanta, Roma, Chievo 13
79%
3 Carlos Tevez Juventus 19
78%
2 Carlos Tevez Juventus 20
78%
8 Simone Zaza, Jose Callejon Sassuolo, Napoli 11
77%
10 Alberto Gilardino, Alexis Sanchez, Andrea Caracciolo Fiorentina, Udinese, Brescia 12
76%
8 Josip Ilicic Atalanta 12
76%
7 Josip Ilicic Atalanta 15
76%
10 Marco Di Vaio, Mauricio Pinilla, Alessandro Matri, Antonio Nocerino Bologna, Palermo/Cagliari, Juventus, Milan 10
76%
8 Mattia Destro, Miroslav Klose Siena, Lazio 12
76%
9 Felipe Anderson, Massimo Maccarone, Cyrili Thereau, Antonio Candreva, Marco parolo, Franco Vazquez Lazio, Empoli, Udinese, Lazio, Lazio, Palermo 10
73%
5 German Denis, Fabrizio Miccoli Atalanta, Palermo 16
73%
5 Gonzalo Bergessio, Alberto Gilardino, Stevan Jovetic Catania, Bologna, Fiorentina 13
73%
5 Leonardo Pavoletti,, Mohamed Salah Genoa, Roma 14
73%
9 Andreas Cornelius, Andrea Petagna, Giovanni Simeone Parma, SPAL, Cagliari 12
72%
9 Jose Callejon Napoli 14
72%
3 Krzysztof Piatek Genoa, Milan 22
70%
10 Carlos Bacca, Diego Falcinelli Milan, Crotone 13
69%
3 Carlos Bacca Milan 18
68%
8 Nikola Kalinic, Mohammed Salah Fiorentina, Roma 15
68%
3 Samuel Eto'o Inter 21
68%
4 Alessandro Matri Cagliari/ Juventus 20
67%
5 Arkadiusz Milik Napoli 17
67%
4 Francesco Caputo Sassuolo 21
67%
7 Mario Balotelli Milan 14
66%
6 Giampaolo Pazzini Sampdoria/ Inter 17
64%
4 Rodrigo Palacio Genoa 19
64%
7 Iago Falque, Roberto Inglese, Kevin Lasagna, Sergej Milinkovic-Savic Torino, Chievo, Udinese, Lazio 12
63%
5 Marco Di Vaio Bologna 19
62%
3 Stephan El Shaarawy, Pablo Osvaldo Milan, Roma 16
60%
9 Emanuele Calaiò, David Di Michele, Pablo Osvaldo, Marco Rigoni Siena, Lecce, Roma, Novara 11
52%
6 Giovanni Simeone Fiorentina 14
44%
7 Stevan Jovetic Fiorentina 14
44%
8 Cyril Thereau Udinese 11
40%
10 Daniel Ciofani, Federico Dionisi Frosinone 9
34%
4 Jeremy Menez Milan 16
34%
6 Sebastian Giovinco Parma 15
28%
9 Antonio Floro Flores Udinese/ Genoa 13
18%
10 Bryan Cristante, Sami Khedira Atalanta, Juventus 9
18%
Nessun quiz corrispondente trovato
Distribuzione punteggi
Percentuale di utenti per punteggio
Percentile per numero di risposta
I tuoi punteggi nel tempo
Non hai fatto questo quiz